[Event "FRA-chT"]
[Site "FRA"]
[Date "1998.02.06"]
[Round "1"]
[White "De la Riva Aguado, Oscar"]
[Black "Gallagher, Joseph G"]
[Result "0-1"]
[WhiteElo "2495"]
[BlackElo "2490"]

1.e4 c5 2.Nf3 d6 3.d4 cxd4 4.Nxd4 Nf6 5.Nc3 a6 6.f3 e5 7.Nb3 Be6 8.Be3 Be7
9.Qd2 O-O 10.O-O-O b5 11.g4 b4 12.Nd5 Bxd5 13.exd5 a5 14.Kb1 Qc7 15.g5 Nfd7
16.h4 Nb6 17.h5 a4 18.Nc1 Nc4 19.Bxc4 Qxc4 20.Rhg1 b3 21.cxb3 axb3 22.Nxb3 Nd7
23.Nc1 f5 24.gxf6 Bxf6 25.Rg4 Qa6 26.Rdg1 Rf7 27.Bg5 Bxg5 28.Rxg5 Nf6 29.a3 Rb8
30.Ka1 Qb7 31.Nd3 Qxd5 32.f4 h6 33.Rg6 e4 34.Qg2 Nxh5 35.Rxh6 Qxd3 36.Qg6 Rxb2
37.Rh8+ Kxh8 38.Qxh5+ Kg8 39.Rxg7+ Kxg7 40.Qg5+ Kh7 41.Qh4+ Kg8 42.Qg5+ Rg7
43.Qd8+ Kf7 44.Qd7+ Kf6 45.Qd8+ Ke6  0-1

[Event "Budapest FS03 IM"]
[Site "Budapest"]
[Date "1998.03.12"]
[Round "6"]
[White "Rodriguez Lopez, Rafael"]
[Black "Bordas, Gyula"]
[Result "1-0"]
[WhiteElo "2285"]
[BlackElo "2165"]

1.e4 c5 2.Nf3 d6 3.d4 cxd4 4.Nxd4 Nf6 5.Nc3 a6 6.f3 b5 7.Be3 Bb7 8.Qd2 Nbd7
9.O-O-O Rc8 10.Kb1 Ne5 11.Bd3 e6 12.g4 Nfd7 13.Bg5 Qc7 14.Qg2 h6 15.Bc1 b4
16.Nce2 g5 17.h4 Rg8 18.hxg5 hxg5 19.b3 d5 20.exd5 Bxd5 21.Bb2 Bg7 22.Bh7 Rh8
23.c4 Bb7 24.Ng3 Nf6 25.Nh5 Nxh5 26.Rxh5 Rd8 27.Re1 Nd3 28.Nxe6 fxe6 29.Rxe6+ Kf7
30.Bxg7 Rxh7 31.Rxh7 Kxe6 32.Qe2+ Ne5 33.Rh6+ Kf7 34.Bxe5 Qc5 35.Rh7+ Kg8
36.Rh8+ Kf7 37.Rxd8 Qg1+ 38.Rd1  1-0

[Event "Szeged TT03 IM"]
[Site "Szeged"]
[Date "1998.03.21"]
[Round "3"]
[White "Gal, Jozsef"]
[Black "Rodriguez Lopez, Rafael"]
[Result "0-1"]
[WhiteElo "2325"]
[BlackElo "2285"]

1.e4 c5 2.Nf3 d6 3.d4 Nf6 4.Nc3 cxd4 5.Nxd4 a6 6.f3 b5 7.Be3 Bb7 8.g4 e6
9.Qd2 Qa5 10.Nb3 Qc7 11.O-O-O Nc6 12.g5 Nd7 13.f4 Na5 14.f5 b4 15.fxe6 fxe6
16.Nxa5 Qxa5 17.Nb1 Rc8 18.Bd3 Nc5 19.Bxc5 Rxc5 20.h4 g6 21.Rhf1 Bg7 22.Bc4 Rxc4
23.Qxd6 Bc8  0-1

[Event "Capablanca mem 33th Premier"]
[Site "Havana"]
[Date "1998.05.13"]
[Round "6"]
[White "De la Riva Aguado, Oscar"]
[Black "Herrera, Irisberto"]
[Result "1-0"]
[WhiteElo "2495"]
[BlackElo "2445"]

1.e4 c5 2.Nf3 d6 3.d4 cxd4 4.Nxd4 Nf6 5.Nc3 a6 6.f3 e5 7.Nb3 Be6 8.Be3 Nbd7
9.Qd2 Be7 10.g4 h6 11.O-O-O b5 12.Kb1 Nb6 13.Qf2 Rb8 14.Nc5 b4 15.Ne2 Nc4
16.Nxe6 fxe6 17.Ng3 Qc7 18.h4 Rf8 19.Bh3 d5 20.g5 Nxe4 21.Nxe4 dxe4 22.Bg4 Rxf3
23.Bxf3 exf3 24.gxh6 e4 25.Rhg1 Bf6 26.Bd4 Na3+ 27.bxa3 bxa3+ 28.Kc1 Qf4+
29.Qe3 Qxe3+ 30.Bxe3 Bb2+ 31.Kd2  1-0

[Event "Garcia mem Premier"]
[Site "Santa Clara"]
[Date "1998.05.30"]
[Round "6"]
[White "De la Riva Aguado, Oscar"]
[Black "Herrera, Irisberto"]
[Result "1-0"]
[WhiteElo "2495"]
[BlackElo "2445"]

1.e4 c5 2.Nf3 d6 3.d4 cxd4 4.Nxd4 Nf6 5.Nc3 a6 6.f3 e5 7.Nb3 Be6 8.Be3 Nbd7
9.Qd2 Be7 10.g4 h6 11.O-O-O b5 12.h4 Nb6 13.Qf2 Rb8 14.Nc5 Bc8 15.Kb1 Qc7
16.Nd3 Nc4 17.Nb4 Nxe3 18.Qxe3 Bb7 19.a3 Rc8 20.Rh2 Qc5 21.Qe1 Kf8 22.g5 hxg5
23.Bh3 Rd8 24.hxg5 Ng8 25.g6 Bh4 26.Qe2 fxg6 27.Nd3 Qb6 28.Be6 g5 29.Bxg8 Kxg8
30.Nb4 Qc7 31.Nbd5 Qf7 32.Ne3 g6 33.Ng4 Kg7 34.Qe3 Qc7 35.Rhd2 Rhf8 36.Nd5 Bxd5
37.Rxd5 Rfe8 38.R1d3 Qe7 39.Qb6 Rd7 40.Qxa6 Red8 41.Qxb5 Bg3 42.Qb4 Bf4 43.c4 Rb7
44.Rb5 Rc7 45.a4 Rdd7 46.Rb6 Qf7 47.b3 d5 48.Rxd5 Rxd5 49.cxd5 Rc1+ 50.Kb2 Qc7
51.Rc6  1-0

[Event "Voronezh op"]
[Site "Voronezh"]
[Date "1998.06.14"]
[Round "3"]
[White "Lastin, Alexander"]
[Black "Gulkov, Igor A"]
[Result "1-0"]
[WhiteElo "2535"]
[BlackElo "2230"]

1.e4 c5 2.Nf3 d6 3.d4 cxd4 4.Nxd4 Nf6 5.Nc3 a6 6.f3 e5 7.Nb3 Be6 8.Be3 Be7
9.Qd2 Nbd7 10.g4 h6 11.h4 b5 12.Rg1 Nb6 13.g5 Nfd7 14.Nd5 Bxd5 15.exd5 hxg5
16.hxg5 Rc8 17.Na5 Qc7 18.c3 g6 19.O-O-O Nxd5 20.Qxd5 Qxa5 21.Kb1 Qc7 22.f4 exf4
23.Bxf4 Ne5 24.Bg2 O-O 25.Rh1 Rfe8 26.Bxe5  1-0

[Event "RUS-ch51"]
[Site "St Petersburg"]
[Date "1998.07.31"]
[Round "4"]
[White "Korneev, Oleg"]
[Black "Voitsekhovsky, Stanislav"]
[Result "1-0"]
[WhiteElo "2600"]
[BlackElo "2545"]

1.e4 c5 2.Nf3 d6 3.d4 cxd4 4.Nxd4 Nf6 5.Nc3 a6 6.f3 e5 7.Nb3 Be6 8.Be3 Nbd7
9.Qd2 Be7 10.g4 h6 11.O-O-O b5 12.Kb1 Nb6 13.Qf2 Nfd7 14.h4 Rc8 15.Nd5 Bxd5
16.exd5 Nc4 17.Bc1 Qb6 18.Qe1 a5 19.Bxc4 bxc4 20.Nxa5 c3 21.Nc6 cxb2 22.Be3 Qa6
23.Qb4 Ra8 24.a4 Nf6 25.Na7 O-O 26.g5 Rfb8 27.Qa3 Nh5 28.Nc6 Rb7 29.a5 Bd8
30.Bd2 Ng3 31.Rhe1 Qc4 32.gxh6 g6 33.f4 Bxh4 34.fxe5 Ne4 35.h7+ Kh8 36.Rxe4 Qxe4
37.exd6 Rb5 38.Qh3 Bf6 39.Bc3 Bxc3 40.Qxc3+ Kxh7 41.Qf6 Rb7 42.Ne7 Rxa5 43.Qxf7+ Kh6
44.Qf8+ Kh5 45.Qh8+ Kg4 46.Rg1+ Kf3 47.Qc3+ Kf2 48.Qg3+ Ke2 49.Qe1+ Kf3 50.Rf1+ Kg2
51.Qxe4+ Kxf1 52.Qd3+  1-0

[Event "Mislata op7th"]
[Site "Valencia"]
[Date "1998.08.20"]
[Round "8.2"]
[White "Ayas Fernandez, Antonio"]
[Black "Arencibia, Walter"]
[Result "1-0"]
[WhiteElo "2320"]
[BlackElo "2550"]

1.e4 c5 2.Nf3 d6 3.d4 cxd4 4.Nxd4 Nf6 5.Nc3 a6 6.f3 e5 7.Nb3 Be6 8.Be3 Nbd7
9.Qd2 Be7 10.g4 Nb6 11.g5 Nfd7 12.O-O-O Rc8 13.h4 O-O 14.Kb1 Kh8 15.h5 f5
16.exf5 Rxf5 17.g6 h6 18.Bxh6 Nc4 19.Bxc4 Rxc4 20.Be3 Nf6 21.Nc5 Qc8 22.Nxe6 Qxe6
23.h6 gxh6 24.Rxh6+ Kg7 25.Qh2  1-0

[Event "Villarrobledo op"]
[Site "Villarrobledo"]
[Date "1998.08.22"]
[Round "5"]
[White "Korneev, Oleg"]
[Black "Van Wely, Loek"]
[Result "1-0"]
[WhiteElo "2600"]
[BlackElo "2635"]

1.e4 c5 2.Nf3 d6 3.d4 cxd4 4.Nxd4 Nf6 5.Nc3 a6 6.f3 e6 7.Be3 b5 8.Qd2 Bb7
9.O-O-O Nbd7 10.g4 h6 11.h4 b4 12.Na4 Qa5 13.b3 d5 14.Bh3 g5 15.hxg5 hxg5
16.e5 Nxe5 17.Bxg5 Be7 18.Bxf6 Bxf6 19.g5 Bg7 20.f4 Nc6 21.Nf3 Ne7 22.Ne5 Bxe5
23.fxe5 Bc6 24.Qf2 Rc8 25.Qc5 Qxc5 26.Nxc5 Ng6 27.Nd3 a5 28.Bg4 Bb5 29.Bh5 Rf8
30.Bxg6 fxg6 31.Rh6 Rf3 32.Rxg6 Rc6 33.Kb1 Bxd3 34.cxd3 d4 35.Rf6 Rg3 36.g6 Kd7
37.Rf7+ Ke8 38.Rdf1 Rc3  1-0

[Event "Villarrobledo op"]
[Site "Villarrobledo"]
[Date "1998.08.23"]
[Round "9"]
[White "Korneev, Oleg"]
[Black "Ljubojevic, Ljubomir"]
[Result "1/2-1/2"]
[WhiteElo "2600"]
[BlackElo "2550"]

1.e4 c5 2.Nf3 d6 3.d4 cxd4 4.Nxd4 Nf6 5.Nc3 a6 6.f3 Qb6 7.Nb3 e6 8.Qe2 Nc6
9.Be3 Qc7 10.O-O-O b5 11.Qf2 Rb8 12.Kb1 Be7 13.g4 O-O 14.g5 Nd7 15.h4 Nce5
16.h5 b4 17.Ne2 Nc4  1/2-1/2

[Event "Elista ol (Men)"]
[Site "Elista"]
[Date "1998.10.11"]
[Round "12"]
[White "Magem Badals, Jorge"]
[Black "Zagorskis, Darius"]
[Result "1/2-1/2"]
[WhiteElo "2540"]
[BlackElo "2510"]

1.e4 c5 2.Nf3 d6 3.d4 cxd4 4.Nxd4 Nf6 5.Nc3 a6 6.f3 e5 7.Nb3 Be6 8.Be3 Nbd7
9.Qd2 Be7 10.g4 Rc8 11.O-O-O Nb6 12.g5 Nh5 13.Rg1 O-O 14.Kb1 g6 15.h4 Qc7
16.Qf2 Nc4 17.Bxc4 Bxc4 18.Bb6 Qb8 19.Qd2 Kg7 20.Nc1 f6 21.Be3 fxg5  1/2-1/2

[Event "Wch U16"]
[Site "Oropesa del Mar"]
[Date "1998.10.25"]
[Round "1"]
[White "Kovchan, Alexander"]
[Black "Andrade, Ivan"]
[Result "1-0"]
[WhiteElo "2330"]
[BlackElo "2070"]

1.e4 c5 2.Nf3 d6 3.d4 cxd4 4.Nxd4 Nf6 5.Nc3 a6 6.f3 e6 7.Be3 Be7 8.Qe2 O-O
9.O-O-O Nc6 10.g4 Nd7 11.Kb1 Qc7 12.g5 Nxd4 13.Bxd4 b5 14.h4 Bb7 15.g6 h6
16.Bh3 f5 17.exf5 e5 18.Be3 Nf6 19.Qf2 d5 20.Bb6 Qc6 21.Rhe1 Bd6 22.f4 Bb4
23.fxe5 Ne4 24.Nxe4 Bxe1 25.Qxe1 dxe4 26.Rd6 Qc4 27.b3 Qc8 28.Qe3 Rxf5 29.Rd8+  1-0

[Event "Groningen op"]
[Site "Groningen"]
[Date "1998.12.26"]
[Round "6"]
[White "Willemze, Jeroen"]
[Black "Van Kooten, Luuk"]
[Result "1-0"]
[WhiteElo "2275"]
[BlackElo "2355"]

1.e4 c5 2.Nf3 d6 3.d4 cxd4 4.Nxd4 Nf6 5.Nc3 a6 6.f3 e6 7.Be3 b5 8.Qd2 Nbd7
9.g4 h6 10.O-O-O Bb7 11.Bd3 b4 12.Na4 d5 13.exd5 Bxd5 14.h4 Qa5 15.b3 O-O-O
16.Qe2 Kb7 17.g5 hxg5 18.hxg5 Nh5 19.Rhg1 g6 20.Kb1 Bd6 21.Nb2 Ne5 22.Be4 Bxe4
23.fxe4 Qc7 24.Nf3 Nxf3 25.Qxf3 Bf4 26.Bf2 Rxd1+ 27.Rxd1 e5 28.Nc4 Rd8 29.Bb6 Rxd1+
30.Qxd1 Qe7 31.Qd5+ Kb8 32.Na5  1-0

[Event "Trinec op"]
[Site "Trinec"]
[Date "1998.12.28"]
[Round "3"]
[White "Staszko, Martin"]
[Black "Blazkova, Petra"]
[Result "1/2-1/2"]
[WhiteElo "2080"]
[BlackElo "2240"]

1.e4 c5 2.Nf3 d6 3.d4 cxd4 4.Nxd4 Nf6 5.Nc3 a6 6.f3 e6 7.Be3 b5 8.g4 Nfd7
9.Qd2 Nb6 10.O-O-O Bb7 11.Bd3 N8d7 12.Kb1 Rc8 13.g5 Ne5 14.Qe1 Be7 15.h4 Nec4
16.Bc1 O-O 17.g6 hxg6 18.h5 g5 19.Rg1 Bf6 20.Nce2 d5 21.f4 gxf4 22.h6 g5
23.Bxf4 Kh8 24.Bc1 Qe7 25.exd5 Nxd5 26.Qf2 Ne5 27.Be4 Nd7 28.Bxd5 Bxd5 29.b3 Be4
30.Rd2 Bg6 31.Bb2 Be5 32.Qe3 f6 33.Nf3 Bxb2 34.Kxb2 Nc5 35.Ng3 Rcd8 36.Rxd8 Rxd8
37.Rg2 Kh7 38.Rh2 Qc7 39.Rg2 Qf4 40.Qxc5 Rd7 41.Qc6 Re7 42.Ne1 b4 43.Qc5 Rc7
44.Qf2 Qe5+ 45.Kb1 Rc3 46.Qa7+ Rc7 47.Qf2 Rc3 48.Qa7+  1/2-1/2

[Event "Trinec op"]
[Site "Trinec"]
[Date "1998.12.31"]
[Round "6"]
[White "Staszko, Martin"]
[Black "Jakubowski, Maciej"]
[Result "1-0"]
[WhiteElo "2080"]
[BlackElo "2335"]

1.e4 c5 2.Nf3 d6 3.d4 cxd4 4.Nxd4 Nf6 5.Nc3 a6 6.f3 e6 7.Be3 Be7 8.g4 Nc6
9.Qd2 O-O 10.O-O-O Nd7 11.h4 Qc7 12.Kb1 b5 13.Nxc6 Qxc6 14.Ne2 Bb7 15.Nd4 Qc7
16.g5 Ne5 17.h5 Rac8 18.Bd3 Nc6 19.Rdg1 Nxd4 20.Bxd4 e5 21.Be3 Qd7 22.g6 Qe6
23.Bf1 Rcd8 24.Bh3 Qc4 25.b3 Qc7 26.h6 fxg6 27.Be6+ Rf7 28.hxg7 Bf6 29.Bg5 Qe7
30.Bxf7+ Qxf7 31.Qh2 h5 32.Qg2 Kxg7 33.Bxf6+ Qxf6 34.Rxh5 Rg8 35.Qh3 Kf7
36.Rh7+ Rg7 37.Qd7+ Kg8 38.Rxg7+ Qxg7 39.Qe8+ Qf8  1-0

[Event "UKR-chT"]
[Site "Alushta"]
[Date "1998.??.??"]
[Round "?"]
[White "Pavlov, Maxim"]
[Black "Solodovnichenko, Yuri"]
[Result "0-1"]
[WhiteElo "2290"]
[BlackElo "2385"]

1.e4 c5 2.Nf3 d6 3.d4 cxd4 4.Nxd4 Nf6 5.Nc3 a6 6.f3 e6 7.Be3 Nc6 8.Qd2 Be7
9.O-O-O O-O 10.g4 Nd7 11.Kb1 Nde5 12.Qf2 Bd7 13.h4 b5 14.g5 Qc7 15.Rg1 Nxd4
16.Bxd4 b4 17.Ne2 Rfc8 18.Nf4 Nxf3 19.Bb6 Qb7 20.Qxf3 Qxb6 21.Bd3 Bb5 22.h5 Bxd3
23.Qxd3 Rc3 24.Qf1 Rac8 25.g6 Bf6 26.gxf7+ Kxf7 27.Nd3 Rxc2 28.e5 dxe5 29.h6 Ke7
30.hxg7 e4 31.g8=Q Rxg8 32.Rxg8 exd3 33.Re8+ Kxe8 34.Qxf6 Qd6 35.Qh8+ Qf8
36.Qxh7 Qf6  0-1

[Event "Regionalliga SW9798"]
[Site "Bayern"]
[Date "1998.??.??"]
[Round "?"]
[White "Holzmann, Helmut"]
[Black "Nierlich, Gerhard"]
[Result "0-1"]
[WhiteElo "1730"]
[BlackElo "1865"]

1.e4 c5 2.Nf3 d6 3.d4 cxd4 4.Nxd4 Nf6 5.Nc3 a6 6.f3 e6 7.Be3 Be7 8.Qd2 Qc7
9.Bd3 Nbd7 10.O-O Ne5 11.Rac1 Nc4 12.Bxc4 Qxc4 13.Qd3 Qc7 14.Nce2 d5 15.exd5 Nxd5
16.Bf2 O-O 17.c4 Nb4 18.Qb3 e5 19.Nc2 Nxc2 20.Rxc2 Be6 21.Qb6 Rac8 22.b3 Bc5
23.Qxc7 Rxc7 24.Bxc5 Rxc5 25.Rd2 Rfc8 26.Rfd1 f5 27.Kf2 b5 28.cxb5 axb5 29.Rd8+ Kf7
30.Rxc8 Rxc8 31.Rd2 Ke7 32.Ke3 g5 33.g3 h6 34.Kf2 Rc7 35.Ke3 Rc8 36.Kf2 Rc5
37.Ke3 Rc6 38.Kf2 Rc5 39.Ke3 h5 40.Kf2 Rc8 41.Ke3 h4 42.f4 gxf4+ 43.gxf4 e4
44.Kf2 Rg8 45.Nd4 Bd7 46.Ne2 Rg4 47.Rd4 h3 48.Ng3 Rxf4+ 49.Ke1 Rf3 50.Rb4 Rxg3  0-1

[Event "Bucharest Cup IM"]
[Site "Bucharest"]
[Date "1998.??.??"]
[Round "?"]
[White "Leskur, Dejan"]
[Black "Grigore, Nicolae Petre"]
[Result "0-1"]
[WhiteElo "2380"]
[BlackElo "2265"]

1.e4 c5 2.Nf3 d6 3.d4 cxd4 4.Nxd4 Nf6 5.Nc3 a6 6.f3 e5 7.Nb3 Be6 8.Be3 Be7
9.Qd2 h5 10.Nd5 Nxd5 11.exd5 Bf5 12.Be2 Nd7 13.Na5 Qc7 14.c4 Bh4+ 15.g3 Bf6
16.O-O O-O 17.Rac1 Rfe8 18.b4 b6 19.Nb3 a5 20.bxa5 bxa5 21.c5 a4 22.cxd6 Qxd6
23.Rc6 Qa3 24.Nc5 Rab8 25.Nxd7 Bxd7 26.Rc3 Qb4 27.Rc2 Bf5 28.Qxb4 Rxb4 29.Rd2 e4
30.f4 Bc3 31.Rc2 Bd4 32.Kf2 Rd8 33.Bc4 Rc8 34.Bxd4 e3+ 35.Bxe3 Bxc2 36.Ba6 Ra8
37.Bc5 Rb2  0-1

[Event "Centrocoop June op-A"]
[Site "Eforie Nord "]
[Date "1998.??.??"]
[Round "?"]
[White "Kovchan, Alexander"]
[Black "Solcanean, Serghei"]
[Result "1-0"]
[WhiteElo "2350"]
[BlackElo "2265"]

1.e4 c5 2.Nf3 d6 3.d4 cxd4 4.Nxd4 Nf6 5.Nc3 a6 6.f3 e5 7.Nb3 Be6 8.Be3 Be7
9.Qd2 Nbd7 10.O-O-O b5 11.g4 h6 12.h4 b4 13.Nd5 Bxd5 14.exd5 Nb6 15.Qxb4 Nfxd5
16.Bxb6 Nxb6 17.Qe4 Qc7 18.f4 g6 19.fxe5 dxe5 20.h5 gxh5 21.Rxh5 Bg5+ 22.Kb1 Kf8
23.Rh3 Kg7 24.Rc3 Qb8 25.Rc6 Rd8 26.Rxd8 Bxd8 27.Bd3 Bg5 28.Nc5  1-0

[Event "Centrocoop Sept op-B"]
[Site "Eforie Nord"]
[Date "1998.??.??"]
[Round "?"]
[White "Calota, Alina"]
[Black "Motoc, Alina"]
[Result "1-0"]
[WhiteElo "2175"]
[BlackElo "2000"]

1.e4 c5 2.Nf3 d6 3.d4 cxd4 4.Nxd4 Nf6 5.Nc3 a6 6.f3 e5 7.Nb3 Be6 8.Be3 Nbd7
9.Qd2 Be7 10.O-O-O b5 11.g4 Nb6 12.Rg1 b4 13.Bxb6 bxc3 14.Qf2 cxb2+ 15.Kb1 Qc8
16.h4 Rb8 17.Be3 Qc6 18.Qe2 a5 19.Qa6 Qxa6 20.Bxa6 a4 21.Na5 Ra8 22.Bb5+ Nd7
23.Nb7 Rb8 24.Bc6 O-O 25.Nxd6 Nb6 26.Bb5 Bxd6 27.Rxd6 Nc8 28.Rxe6 fxe6 29.Be2 Nd6
30.Bc5 Rfd8 31.Rd1 Nb7 32.Rxd8+ Nxd8 33.Bd6 Rb7 34.Bxe5 Nc6 35.Bc3 a3 36.Bc4 Kf7
37.f4 Rd7 38.Bd3 Rb7 39.f5 e5 40.Bc4+ Ke8 41.Bd5 Rc7 42.g5 Nd4 43.Bb4 Rxc2
44.Bxa3 Rf2 45.Bc5 Kd7 46.a4 Rf1+ 47.Kxb2 Nxf5 48.exf5 Rxf5 49.a5 e4 50.a6 Rxd5
51.a7 Rxc5 52.a8=Q Re5 53.Qb7+ Ke6 54.Qxg7 e3 55.Qf6+ Kd5 56.Qf3+ Kd4 57.Qd1+ Ke4
58.Kc3 Rc5+ 59.Kb4 Rd5 60.Qh1+ Kd4 61.Qd1+ Ke4 62.Qg4+ Kd3 63.Qc4+  1-0

[Event "BL2-W9798"]
[Site "Germany"]
[Date "1998.??.??"]
[Round "?.8"]
[White "Wessendorf, Thomas"]
[Black "Puth, Dieter"]
[Result "1-0"]
[WhiteElo "2275"]
[BlackElo "2300"]

1.e4 c5 2.Nf3 d6 3.d4 cxd4 4.Nxd4 Nf6 5.Nc3 a6 6.Be3 Ng4 7.Bc1 Nf6 8.f3 Nc6
9.Be3 e6 10.g4 h6 11.Qd2 Be7 12.O-O-O Bd7 13.h4 Qc7 14.Bh3 Ne5 15.g5 Nc4
16.Qf2 Nh5 17.f4 Nxe3 18.Qxe3 Nxf4 19.Qxf4 e5 20.Nd5 Qd8 21.Bxd7+ Qxd7 22.Qf2 exd4
23.Qxd4 hxg5 24.Qxg7 Rf8 25.hxg5 Qc6 26.g6 Rc8 27.gxf7+ Rxf7 28.Rh8+ Bf8
29.Rxf8+  1-0

[Event "HUN-chT9899"]
[Site "HUN"]
[Date "1998.??.??"]
[Round "?"]
[White "Tolnai, Tibor"]
[Black "Ruck, Robert"]
[Result "1-0"]
[WhiteElo "2560"]
[BlackElo "2485"]

1.e4 c5 2.Nf3 d6 3.d4 cxd4 4.Nxd4 Nf6 5.Nc3 a6 6.f3 Nbd7 7.Be3 d5 8.Nxd5 Nxd5
9.exd5 Qa5+ 10.Qd2 Qxd5 11.c4 Qd6 12.O-O-O g6 13.Bh6 e5 14.Bxf8 Rxf8 15.Qe1 Qe7
16.Nc2 b6 17.Bd3 f5 18.Ne3 Bb7 19.Nd5 Bxd5 20.cxd5 Rf6 21.Kb1 Rd6 22.g4 fxg4
23.fxg4 Nc5 24.Qe2 b5 25.Rhe1 Nd7 26.Bc2 Rc8 27.Bb3 Rc5 28.Qf2 Rf6 29.Qd2 Qd6
30.h4 Kd8 31.Rf1 Kc7 32.Qe3 Kb7 33.Rde1 Rxf1 34.Rxf1 Rc7 35.g5 a5 36.a3 a4
37.Bc2 Nc5 38.Qe2 Qxd5 39.Qxb5+ Ka7 40.Bxa4 Qd6 41.Bc2 Rb7 42.Qa5+ Kb8 43.Rd1  1-0

[Event "Heart of Finland op"]
[Site "Jyvaskyla"]
[Date "1998.??.??"]
[Round "?"]
[White "Simola, Tuomas"]
[Black "Tella, Jussi"]
[Result "0-1"]
[WhiteElo "2080"]
[BlackElo "2385"]

1.e4 c5 2.Nf3 d6 3.d4 cxd4 4.Nxd4 Nf6 5.Nc3 a6 6.f3 e6 7.Be3 Nbd7 8.Qd2 b5
9.O-O-O h6 10.g4 Qc7 11.Bd3 Ne5 12.Kb1 Nfd7 13.Qf2 Rb8 14.h4 b4 15.Nce2 Nc5
16.Rhg1 Nexd3 17.cxd3 a5 18.Rd2 Ba6 19.Rgd1 a4 20.f4 Be7 21.Nc1 b3 22.a3 Rc8
23.Nde2 d5 24.Bd4 dxe4  0-1

[Event "Kstovo"]
[Site "Kstovo"]
[Date "1998.??.??"]
[Round "8"]
[White "Novgorodskij, Vladimir"]
[Black "Voitsekhovsky, Stanislav"]
[Result "0-1"]
[WhiteElo "2420"]
[BlackElo "2540"]

1.e4 c5 2.Nf3 d6 3.d4 cxd4 4.Nxd4 Nf6 5.Nc3 a6 6.f3 e5 7.Nb3 Be6 8.Be3 Be7
9.Qd2 Nbd7 10.O-O-O b5 11.g4 h6 12.Kb1 Nb6 13.Qf2 Nc4 14.Bxc4 bxc4 15.Nc5 Qc7
16.N5a4 Rb8 17.h4 Nd7 18.g5 h5 19.f4 exf4 20.Qxf4 Qc6 21.Bd4 O-O 22.Rhg1 Ne5
23.Bxe5 dxe5 24.Qxe5 Rb4 25.b3 Rc8 26.Nd5 Bxd5 27.g6 Bf6 28.exd5 cxb3  0-1

[Event "Miskolc Avas op"]
[Site "Miskolc"]
[Date "1998.??.??"]
[Round "9"]
[White "Toth, Daniel"]
[Black "Krutti, Valer"]
[Result "0-1"]
[WhiteElo "2040"]
[BlackElo "2370"]

1.e4 c5 2.Nf3 d6 3.d4 cxd4 4.Nxd4 Nf6 5.Nc3 a6 6.f3 e5 7.Nb3 Be6 8.Be3 Nbd7
9.Qd2 b5 10.O-O-O Be7 11.g4 h6 12.h4 b4 13.Ne2 d5 14.exd5 Nxd5 15.Bf2 a5
16.Kb1 a4 17.Nbc1 O-O 18.Bg2 Rb8 19.Rdg1 Qc7 20.g5 h5 21.Ng3 g6 22.Ne4 N7b6
23.Bf1 Rfd8 24.Qe2 Nc4 25.Nf6+ Nxf6 26.gxf6 Nd2+  0-1

[Event "Moscow-ch op"]
[Site "Moscow"]
[Date "1998.??.??"]
[Round "6"]
[White "Vorobiov, Evgeny E"]
[Black "Belov, Vladimir"]
[Result "1-0"]
[WhiteElo "2475"]
[BlackElo "2280"]

1.e4 c5 2.Nf3 d6 3.d4 cxd4 4.Nxd4 Nf6 5.Nc3 a6 6.f3 e6 7.Be3 b5 8.g4 Bb7
9.Qd2 Nfd7 10.O-O-O Nb6 11.Bd3 N8d7 12.Kb1 Rc8 13.h4 d5 14.Bg5 Qc7 15.Rhe1 Bb4
16.Ncxb5 Qc5 17.Nb3 Bxd2 18.Nxc5 Nxc5 19.Nd6+ Kd7 20.Nxc8 Bxe1 21.Nxb6+ Kc6
22.Nxd5 Nxd3 23.cxd3 exd5 24.Rxe1 h5 25.Rc1+ Kd7 26.Bf4 Rc8 27.Rxc8 Kxc8
28.gxh5 Kd7 29.h6 gxh6 30.Bxh6 Ke6 31.Kc2 f5 32.exf5+ Kxf5 33.Kc3 d4+ 34.Kxd4 Bxf3
35.Kc5 Ke6 36.Kb6 Be2 37.Kxa6 Bxd3+ 38.Kb6  1-0

[Event "EU-ch U16"]
[Site "Murek"]
[Date "1998.??.??"]
[Round "7"]
[White "Kovchan, Alexander"]
[Black "Gouliev, Sarkhan"]
[Result "1-0"]
[WhiteElo "2330"]
[BlackElo "2230"]

1.e4 c5 2.Nf3 d6 3.d4 cxd4 4.Nxd4 Nf6 5.Nc3 a6 6.f3 e6 7.Be3 Be7 8.Qd2 b5
9.g4 h6 10.O-O-O Bb7 11.Qg2 b4 12.Nce2 Qa5 13.Kb1 d5 14.g5 hxg5 15.Qxg5 Nh5
16.Qg4 dxe4 17.Nxe6 Qe5 18.N2d4 Bd5 19.Nf4 Nd7 20.Nxd5 Qxd5 21.fxe4 Ndf6
22.Qe2 Nxe4 23.Bg2 Nhf6 24.Bf4 Rd8 25.Rhe1 Qxd4 26.Rxd4 Rxd4 27.Be3 Rd6 28.Qc4 Re6
29.Qc8+ Bd8 30.Rd1 Nd6 31.Qc6+ Ke7 32.Bc5 Ne8 33.Bd5 Re5 34.Bb3 Rh6 35.Ba4 Kf8
36.Rxd6 Rxc5 37.Qxe8+  1-0

[Event "Mitropa Cup"]
[Site "Portoroz"]
[Date "1998.??.??"]
[Round "4"]
[White "Rouchouse, Stevens"]
[Black "Tratar, Marko"]
[Result "0-1"]
[WhiteElo "2170"]
[BlackElo "2450"]

1.e4 c5 2.Nf3 d6 3.d4 cxd4 4.Nxd4 Nf6 5.Nc3 a6 6.f3 e5 7.Nb3 Be6 8.Be3 Nbd7
9.Qd2 Be7 10.g4 h6 11.O-O-O b5 12.Kb1 Nb6 13.Bxb6 Qxb6 14.Nd5 Nxd5 15.exd5 Bd7
16.Bd3 a5 17.Qe2 a4 18.Nc1 a3 19.b3 Bg5 20.h4 Be3 21.Be4 b4 22.c4 bxc3 23.Qc2 Rc8
24.Ne2 g6 25.Rh2 f5 26.Bd3 e4 27.fxe4 f4 28.e5 dxe5 29.Bxg6+ Kd8 30.Bf5 Bxf5
31.gxf5 Rg8 32.d6 Rc6 33.f6 Rxd6 34.Rf1 Rd2 35.Qxc3 Qxf6 36.Qa5+ Ke8 37.Qb5+ Kf8
38.Qb8+ Qd8 39.Qb4+ Qd6 40.Qxd6+ Rxd6 41.Nc3 Rd2 42.Rxd2 Bxd2 43.Ne4 Rg2  0-1

[Event "Petrov mem"]
[Site "St Petersburg"]
[Date "1998.??.??"]
[Round "6"]
[White "Vorobiov, Evgeny E"]
[Black "Biriukov, Oleg V"]
[Result "1/2-1/2"]
[WhiteElo "2475"]
[BlackElo "2390"]

1.e4 c5 2.Nf3 d6 3.d4 cxd4 4.Nxd4 Nf6 5.Nc3 a6 6.f3 e6 7.Be3 b5 8.g4 Bb7
9.Qd2 Nfd7 10.O-O-O Nb6 11.Bd3 N8d7 12.Kb1 Rc8 13.h4 d5 14.exd5 Nxd5 15.Nxd5 Bxd5
16.Rhg1 Ne5 17.f4 Nxd3 18.Qxd3 Qc7 19.f5 Qc4 20.Qxc4 Rxc4 21.Rge1 Bb4 22.c3 Ba5
23.fxe6 fxe6 24.Bg5 Kf7 25.Nf5 Rxg4 26.Ne3 Be4+ 27.Ka1 Rg3 28.Rd4 Bd5 29.Nxd5 exd5
30.Rxd5 Re8 31.Rf1+ Kg8 32.a4 h6 33.Bd2 Rd8 34.Rff5 Rd3 35.Rxd3 Rxd3 36.Bc1 Bd8
37.axb5 axb5 38.Rxb5 Bxh4 39.Ka2 Bf6 40.c4 g5 41.c5 Kf7 42.Rb7+ Ke6 43.Rh7 Kd5
44.Rxh6 Be5 45.c6 Rd4 46.Bxg5 Rc4 47.Bd2 Rc2 48.Bc3 Bxc3 49.Kb3 Rxb2+ 50.Kxc3 Rb5  1/2-1/2

[Event "SVK-chT1E 9899"]
[Site "SVK"]
[Date "1998.??.??"]
[Round "3"]
[White "Flasik, Radoslav"]
[Black "Lukac, Jozef"]
[Result "1-0"]
[WhiteElo "2180"]
[BlackElo "2065"]

1.e4 c5 2.Nf3 d6 3.d4 cxd4 4.Nxd4 Nf6 5.Nc3 a6 6.f3 e5 7.Nb3 Be6 8.Be3 Nbd7
9.Qd2 Be7 10.g4 Nb6 11.g5 Nfd7 12.O-O-O Bc4 13.Na5 Bxf1 14.Rhxf1 Qc7 15.Nd5 Nxd5
16.Qxd5 Rc8 17.Rf2 Nb6 18.Qb3 Nd7 19.Qxb7 O-O 20.Rd5 Qd8 21.Nc6 Rxc6 22.Qxc6 Bxg5
23.f4 exf4 24.Bxf4 Bxf4+ 25.Rxf4 Nf6 26.Rd1 Qa5 27.Kb1 Rb8 28.Qxd6 Qb5 29.b3 h6
30.Rxf6 gxf6 31.Rg1+ Kh7 32.Qxf6 Qg5 33.Qxf7+ Kh8 34.Rxg5  1-0

[Event "SVK-chT 9798"]
[Site "SVK"]
[Date "1998.??.??"]
[Round "5"]
[White "Siroky, Jan"]
[Black "Szamos, Alexander"]
[Result "1-0"]
[WhiteElo "2200"]
[BlackElo "2170"]

1.e4 c5 2.Nf3 d6 3.d4 cxd4 4.Nxd4 Nf6 5.Nc3 a6 6.f3 e6 7.Be3 Be7 8.Qd2 b5
9.O-O-O Bb7 10.g4 Nc6 11.Kb1 Rc8 12.h4 h6 13.Rg1 Nd7 14.g5 hxg5 15.Bxg5 g6
16.Ndxb5 axb5 17.Nxb5 Bxg5 18.Nxd6+ Kf8 19.hxg5 Qb6 20.Bb5 Rb8 21.Qf4 Nd8
22.Bxd7 Bc6 23.Qf6  1-0

[Event "Mislata op7th"]
[Site "Valencia"]
[Date "1998.??.??"]
[Round "4"]
[White "Korneev, Oleg"]
[Black "Ayas Fernandez, Antonio"]
[Result "1-0"]
[WhiteElo "2600"]
[BlackElo "2320"]

1.e4 c5 2.Nf3 d6 3.d4 cxd4 4.Nxd4 Nf6 5.Nc3 a6 6.Be3 Ng4 7.Bc1 Nf6 8.f3 e5
9.Nb3 Be6 10.Be3 Be7 11.Qd2 Nbd7 12.g4 h6 13.O-O-O b5 14.Kb1 Nb6 15.Qf2 Nfd7
16.h4 Qc7 17.Nd5 Bxd5 18.exd5 Nc4 19.Bc1 a5 20.Bd3 a4 21.Nd2 O-O 22.g5 h5
23.Qe2 Rfc8 24.g6 fxg6 25.Bxg6 Nf6 26.Bf5 Rcb8 27.Rhg1 Bf8 28.Ne4  1-0

[Event "Wattens op 13th"]
[Site "Wattens"]
[Date "1998.??.??"]
[Round "3"]
[White "Fuchs, Georg"]
[Black "Krutti, Valer"]
[Result "0-1"]
[WhiteElo "2180"]
[BlackElo "2360"]

1.e4 c5 2.Nf3 d6 3.Nc3 a6 4.d4 cxd4 5.Nxd4 Nf6 6.f3 e5 7.Nb3 Be6 8.Be3 Nbd7
9.Be2 b5 10.Qd2 Be7 11.O-O O-O 12.Rad1 Qc7 13.a3 Nb6 14.f4 Nc4 15.Bxc4 bxc4
16.Nc1 exf4 17.Rxf4 Rab8 18.Nd5 Bxd5 19.exd5 Rb5 20.Qe2 c3 21.Rc4 Qb7 22.Rxc3 Rxb2
23.Nb3 Bd8 24.Qc4 Bb6 25.Qc6 Bxe3+ 26.Rxe3 Qa7 27.Nd4 Rb5 28.c4 Rc5 29.Qxd6 Rxc4
30.Re7 Qa8 31.Nc6 Nxd5 32.Ne5 Ne3 33.Rd2 Rc1+ 34.Kf2 Nf5 35.Qb4 Nxe7 36.Qxe7 Qe4
37.Rd8 Rc2+ 38.Kg3 Qxg2+ 39.Kf4 Qxh2+ 40.Ke4 Re2+ 41.Kf3 Qf2+ 42.Kg4 Re4+
43.Kh3 Rh4+  0-1